The negroes of Africa ; history and culture /

Bibliographic Details
Main Author: Delafosse, Maurice, 1870-1926
Other Authors: Fligelman, Frieda
Format: Book
Language:English
French
Published: Washington, D. C. : The Associated publishers, inc., [1931]
Subjects:

MARC

Tag First Indicator Second Indicator Subfields
LEADER 00000cam a2200000 4500
001 in00000051213
005 20151007065920.0
008 741126s1931 dcu b 00000 eng u
010 |a  31026965  
035 |a (OCoLC)01088759 
035 |9 AAE2959AM 
040 |c ICU  |d OCL  |d TXA  |d UtOrBLW 
041 1 |a eng  |a fre 
049 |a TXAM  |c [44468] 
050 0 0 |a GN645  |b .D44 
082 0 |a 572.96 
092 |a 572.96  |b D333n 
100 1 |a Delafosse, Maurice,  |d 1870-1926. 
245 1 4 |a The negroes of Africa ;  |b history and culture /  |c by Maurice Delafosse. Translated from the French by F. Fligelman. 
264 1 |a Washington, D. C. :  |b The Associated publishers, inc.,  |c [1931] 
264 4 |c [©1931] 
300 |a xxxiii, 313 pages :  |b illustrations (double maps) ;  |c 20 1/2 cm. 
336 |a text  |b txt  |2 rdacontent 
337 |a unmediated  |b n  |2 rdamedia 
338 |a volume  |b nc  |2 rdacarrier 
500 |a "This translation is a combination of two little books on the same subject by the same author, namely: Les noirs de l'Afrique ... published first in 1921, and Civilizations negro-africaines ... which followed in 1925 ... At the last minute four chapters were added from a third book by M. Delafosse, namely, Les negres ... Paris, 1927." Translator's pref. 
504 |a Bibliography at end of most of the chapters; "Brief bibliography of the principal works of M. Delafosse," pages 283-286. 
650 0 |a Blacks  |z Africa. 
650 0 |a Ethnology  |z Africa. 
700 1 |a Fligelman, Frieda. 
999 |a MARS 
999 f f |s d6cee823-4e31-3a81-b292-76ee1a710663  |i 747e95cf-3b2b-3a75-af3d-5203c5dbed84  |t 0 
952 f f |p ric  |a Texas A&M University  |b Rellis Campus  |c Joint Library Facility  |d Remote Storage  |t 0  |e GN645 .D44  |h Library of Congress classification  |i unmediated -- volume  |m A14800968394 
998 f f |a GN645 .D44  |t 0  |l Remote Storage